[Event "ch-RUS Higher League w"]
[Site "St Petersburg RUS"]
[Date "2010.09.01"]
[Round "7"]
[White "Tomilova,E"]
[Black "Dogodkina,J"]
[Result "1-0"]
[WhiteElo "2311"]
[BlackElo "2102"]

1.d4 Nf6 2.Bg5 Ne4 3.Bf4 c5 4.f3 Qa5+ 5.c3 Nf6 6.Nd2 cxd4 7.Nb3 Qd8 8.cxd4 e6
9.e4 d5 10.e5 Nfd7 11.Be3 Nc6 12.Bd3 a5 13.a4 Bb4+ 14.Kf2 Nb6 15.Qe2 Bd7
16.f4 Ne7 17.Nc5 Bc6 18.Nf3 h6 19.b3 Qc7 20.Rhc1 Nd7 21.Kg1 Nxc5 22.dxc5 g6
23.Bf2 Qd7 24.Nd4 O-O 25.Bh4 Rae8 26.Bf6 Nf5 27.Bxf5 exf5 28.Qf2 Kh7 29.Ra2 Qc8
30.Qh4 Bd7 31.Rac2 Re6 32.Be7 Re8 33.Nxe6 Bxe6 34.Rc3 Bxc3 35.Rxc3 h5 36.Qg5 Qc7
37.Bf6 Rh8 38.Bxh8 Kxh8 39.Qg3 Qc6 40.Qd3 Kg7 41.Qb5 d4 42.Qxc6 bxc6 43.Rd3 Kf8
44.b4 axb4 45.Rxd4 b3 46.a5 b2 47.Rb4 Bc8 48.Rxb2 Ke8 49.Rb6 Kd7 50.a6 Kc7
51.a7 Bb7 52.Kf2  1-0

[Event "ch-POR"]
[Site "Amadora POR"]
[Date "2010.09.04"]
[Round "1"]
[White "Fernandes,Ant"]
[Black "Vasques,A"]
[Result "0-1"]
[WhiteElo "2422"]
[BlackElo "2115"]

1.d4 Nf6 2.Bg5 Ne4 3.Bf4 c5 4.f3 Qa5+ 5.c3 Nf6 6.d5 Qb6 7.Qd2 Nxd5 8.Qxd5 Qxb2
9.Qb3 Qxa1 10.e4 Nc6 11.Nh3 e6 12.Be2 c4 13.Qc2 Ba3 14.Kd2 Nd4 15.cxd4 Qxd4+
16.Ke1 Bb4+ 17.Bd2 Bxd2+ 18.Qxd2 Qc5 19.Qg5 Qxg5 20.Nxg5 b5 21.e5 f6 22.Ne4 fxe5
23.Nd6+ Ke7 24.Nxb5 d5 25.Kd2 Bd7 26.N5c3 Rab8 27.Kc1 Rb4 28.Re1 Rhb8 29.Bd1 d4
30.Rxe5 dxc3 31.Nxc3 Be8 32.f4 Rb2 33.Bc2 Bg6 34.f5 Bxf5 35.Bxf5 Kf6 36.Re4 exf5
37.Nd5+ Kg5 38.h4+ Kh6 39.Re6+ g6 40.Ne3 Kh5 41.g3 Rxa2 42.Re5 c3 43.Re7 h6
44.Rc7 Ra1+ 45.Kc2 Rb2+ 46.Kxc3 Rc1+ 47.Kxb2 Rxc7 48.Nd5 Rb7+ 49.Kc3 Kg4  0-1

[Event "7th Malaysia Open"]
[Site "Kuala Lumpur MAS"]
[Date "2010.09.05"]
[Round "7"]
[White "Cao,S"]
[Black "Gupta,Ab"]
[Result "1/2-1/2"]
[WhiteElo "2535"]
[BlackElo "2595"]

1.d4 Nf6 2.Bg5 Ne4 3.Bf4 d5 4.e3 c5 5.Bd3 Nf6 6.c3 Nc6 7.Nd2 Qb6 8.Rb1 Bg4
9.Ngf3 e6 10.h3 Bh5 11.O-O cxd4 12.cxd4 Be7 13.b4 O-O 14.a3 Rfc8 15.Qa4 a5
16.bxa5 Qxa5 17.Qxa5 Nxa5 18.a4 Rc3 19.Ne5 Bd8 20.Bb5 Rac8 21.Ndf3 Nb3 22.Rb2 Be7
23.g4 Bg6 24.Nxg6 hxg6 25.Rfb1 Na5 26.Bf1 Ne4 27.Nd2 Nxd2 28.Rxd2 Rc1 29.Rdb2 Bh4
30.Rxc1 Rxc1 31.Kg2 g5 32.Bd6 Ra1 33.Rc2 Nc6 34.Bb5 f6 35.Bc7 Kf7 36.Bb6 Rb1
37.Bxc6 bxc6 38.a5 Ra1 39.Bc7 Ke7 40.Rxc6 Ra2 41.Bg3  1/2-1/2

[Event "TCh-CRO Women"]
[Site "Sibenik CRO"]
[Date "2010.09.07"]
[Round "4"]
[White "Ushenina,A"]
[Black "Kochetkova,J"]
[Result "1-0"]
[WhiteElo "2466"]
[BlackElo "2327"]

1.d4 Nf6 2.Bg5 Ne4 3.Bf4 d5 4.e3 c5 5.Bd3 Nf6 6.c3 e6 7.Nd2 Bd6 8.Bxd6 Qxd6
9.f4 O-O 10.Ngf3 b6 11.Ne5 Ba6 12.Bc2 Nc6 13.g4 Nd7 14.g5 Ne7 15.Qg4 Rac8
16.h4 Nxe5 17.fxe5 Qd7 18.Rh3 b5 19.a3 c4 20.Ke2 Rb8 21.h5 Nf5 22.Nf3 Bc8
23.Nh4 a5 24.Rf1 g6 25.Rfh1 b4 26.axb4 axb4 27.hxg6 fxg6 28.Nxg6 Rf7 29.Nf4 Rg7
30.Nh5  1-0

[Event "11th WUCC Men"]
[Site "Zuerich SUI"]
[Date "2010.09.08"]
[Round "5"]
[White "Kukov,V"]
[Black "Fernando,SK Akila"]
[Result "1-0"]
[WhiteElo "2395"]
[BlackElo "2053"]

1.d4 Nf6 2.Bg5 Ne4 3.Bf4 c5 4.f3 Nf6 5.d5 Qb6 6.Bc1 e6 7.e4 exd5 8.exd5 Bd6
9.Qe2+ Kd8 10.Qc4 Re8+ 11.Ne2 Qc7 12.Nc3 a6 13.Qh4 Be7 14.Qg3 Qxg3+ 15.hxg3 b5
16.Bf4 d6 17.a3 Bb7 18.O-O-O Nbd7 19.b4 Nb6 20.bxc5 dxc5 21.d6 Bf8 22.Bg5 h6
23.Bxf6+ gxf6 24.Nf4 Kd7 25.Bd3 Bxd6 26.Be4 Bc6 27.Rxh6 Kc7 28.Bxc6 Kxc6
29.Rxf6 Rad8 30.Ne4 Nc4 31.Rd5 Rh8 32.Rh5 Rxh5 33.Nxh5 Kd5 34.Rxf7 a5 35.Nf4+ Bxf4+
36.Rxf4 Nxa3 37.Rf5+ Kd4 38.Nxc5 Rc8 39.Nb3+ Ke3 40.Rc5 Ra8 41.Nd2 Kf2 42.g4 a4
43.g5 b4 44.g6 Rg8 45.Rg5 Ke2 46.g7 Rc8 47.Re5+ Kf2 48.Ne4+ Kf1 49.Rc5  1-0

[Event "FSIMA September"]
[Site "Budapest HUN"]
[Date "2010.09.10"]
[Round "7"]
[White "Tran Tuan Minh"]
[Black "Csonka,B"]
[Result "1/2-1/2"]
[WhiteElo "2227"]
[BlackElo "2263"]

1.d4 Nf6 2.Bg5 Ne4 3.Bf4 c5 4.f3 Qa5+ 5.c3 Nf6 6.Nd2 cxd4 7.Nb3 Qf5 8.Bxb8 Rxb8
9.Qxd4 b6 10.e4 Qf4 11.Ne2 Qc7 12.e5 Ng8 13.O-O-O e6 14.f4 Ne7 15.Ng3 Nc6
16.Qd2 Be7 17.Ne4 Bb7 18.Nd6+ Bxd6 19.exd6 Qd8 20.Bd3 O-O 21.h4 a5 22.a4 Qc8
23.Qc2 f5 24.h5 Ba6 25.Kb1 Bxd3 26.Qxd3 Qb7 27.h6 g6 28.Rd2 b5 29.Nc5 Qa7
30.axb5 Qxc5 31.bxc6 Qxc6 32.Re1 Qa4 33.Qd4 Qxd4 34.Rxd4 Rfc8 35.Ka2 Rc5
36.Re5 Rbb5 37.Rc4 Rxb2+ 38.Kxb2 Rxc4 39.Rxa5 Rc6 40.Ra8+ Kf7 41.Rh8 Rxd6
42.Rxh7+ Kg8 43.Rg7+ Kh8 44.c4 Rc6 45.Rxd7 Rxc4 46.g3 Re4 47.Kc3 e5 48.Rg7 exf4
49.gxf4 Rxf4 50.Rxg6 Kh7 51.Rf6  1/2-1/2

[Event "6th ch-EU"]
[Site "Arvier ITA"]
[Date "2010.09.11"]
[Round "8"]
[White "Gallucci,A"]
[Black "Calzetta Ruiz,M"]
[Result "0-1"]
[WhiteElo "2144"]
[BlackElo "2280"]

1.d4 Nf6 2.Bg5 Ne4 3.h4 c5 4.d5 Nxg5 5.hxg5 g6 6.c3 Bg7 7.e4 a6 8.a4 d6 9.Nd2 Nd7
10.f4 Rb8 11.Nc4 b5 12.axb5 Rxb5 13.Ra2 Qc7 14.Nf3 Nb6 15.e5 Nxc4 16.Bxc4 Rb6
17.Qe2 O-O 18.g3 Bg4 19.Rh4 Bxf3 20.Qxf3 dxe5 21.f5 e4 22.Rxe4 gxf5 23.Rh4 Rg6
24.Kf1 Rxg5 25.Rh3 a5 26.b3 h6 27.Rah2 Qe5 28.Re2 Qd6 29.Bd3 Rb8 30.Bxf5 Qf6
31.g4 Rxb3 32.Qe4 Bf8 33.Rf3 Rb6 34.Ref2 Kg7  0-1

[Event "Open"]
[Site "Livigno ITA"]
[Date "2010.09.11"]
[Round "2"]
[White "Damia,A"]
[Black "Bertagnolli,A"]
[Result "1/2-1/2"]
[WhiteElo "2287"]
[BlackElo "2395"]

1.d4 Nf6 2.Bg5 Ne4 3.Bf4 e6 4.f3 Bd6 5.Bxd6 Nxd6 6.e4 b6 7.Nc3 Bb7 8.Qd2 Qh4+
9.g3 Qh6 10.Qxh6 gxh6 11.O-O-O f5 12.d5 fxe4 13.fxe4 O-O 14.Bd3 e5 15.Nge2 Na6
16.Rhf1 Nc5 17.g4 c6 18.Ng3 cxd5 19.exd5 Rae8 20.Nf5 Nxf5 21.Bxf5 a5 22.a3 a4
23.Rfe1 d6 24.Ne4 Rd8 25.Nxc5 bxc5 26.Re4 Ra8 27.Bd7 Rf2 28.h4 h5 29.gxh5 Kg7
30.Bxa4 Bc8 31.Bc6 Bf5 32.Bxa8 Bxe4 33.Rd2 Rf1+ 34.Rd1 Rf2 35.Rd2  1/2-1/2

[Event "Open"]
[Site "Livigno ITA"]
[Date "2010.09.17"]
[Round "8"]
[White "Skliba,M"]
[Black "Chytilek,R"]
[Result "1/2-1/2"]
[WhiteElo "2287"]
[BlackElo "2368"]

1.d4 Nf6 2.Bg5 Ne4 3.Bf4 d5 4.f3 Nf6 5.e4 dxe4 6.Nc3 Nd5 7.Qd2 Nc6 8.O-O-O e3
9.Bxe3 e6 10.Nxd5 exd5 11.Ne2 Bb4 12.c3 Be7 13.Nf4 Rb8 14.Re1 O-O 15.Bd3 Na5
16.h4 b5 17.Nh5 Rb6 18.Bg5 f6 19.Bf4  1/2-1/2

[Event "Open"]
[Site "Livigno ITA"]
[Date "2010.09.17"]
[Round "8"]
[White "Vyskocil,N"]
[Black "Milenkovic,M"]
[Result "1-0"]
[WhiteElo "2376"]
[BlackElo "2406"]

1.d4 Nf6 2.Bg5 Ne4 3.Bf4 c5 4.f3 Nf6 5.d5 Nh5 6.Bd2 e6 7.e4 Qh4+ 8.Ke2 Ng3+
9.hxg3 Qxh1 10.Nh3 b6 11.c4 Bd6 12.f4 exd5 13.exd5 Be7 14.Bc3 d6 15.Kf2 Qh2
16.Nd2 h5 17.Nf3 Qh1 18.Qe2 Kd8 19.Re1 Re8 20.Qe3 h4 21.g4 Bxg4 22.Bd3 Qxe1+
23.Qxe1 Nd7 24.Qd2 Kc7 25.Nhg5 f6 26.Ne6+ Kb7 27.Nxh4 g5 28.Nf5 Nf8 29.Neg7  1-0

[Event "WCh w Blitz Final"]
[Site "Moscow RUS"]
[Date "2010.09.17"]
[Round "14"]
[White "Stefanova,A"]
[Black "Nebolsina,V"]
[Result "0-1"]
[WhiteElo "2551"]
[BlackElo "2360"]

1.d4 Nf6 2.Bg5 Ne4 3.Bf4 c5 4.f3 Qa5+ 5.c3 Nf6 6.d5 d6 7.e4 g6 8.Nd2 Bg7
9.Bd3 b5 10.a4 b4 11.Nc4 Qc7 12.cxb4 cxb4 13.Rc1 Qd8 14.Ne2 O-O 15.O-O Nbd7
16.Nd4 Nc5 17.Nc6 Qe8 18.Be2 Nb7 19.a5 Bd7 20.Nxb4 Rc8 21.Be3 Nc5 22.Nd3 Ba4
23.Qe1 Nb3 24.Rc3 Nd7 25.e5 dxe5 26.Bxa7 e4 27.fxe4 Bxc3 28.Qxc3 Nxa5 29.Qxa5 Rxc4
30.Nb4 Rxe4 31.Bf3 Nf6 32.Bxe4 Nxe4 33.Re1 f5 34.Bd4 Qd7 35.Nd3 Bb5 36.Nf4 g5
37.Ne6 Qxd5 38.Qb6 Rc8 39.Kh1 h6 40.b4 Kh7 41.Ba1 Rc6 42.Nc7 Qd2 43.Qg1 Nf2+
44.Qxf2 Qxf2 45.Rxe7+ Kg6  0-1

[Event "EYCC Boys U18"]
[Site "Batumi GEO"]
[Date "2010.09.21"]
[Round "2"]
[White "Krejci,Jan2"]
[Black "Kolosowski,M"]
[Result "0-1"]
[WhiteElo "2454"]
[BlackElo "2342"]

1.d4 Nf6 2.Bg5 Ne4 3.Bf4 c5 4.f3 Nf6 5.dxc5 Na6 6.e4 Nxc5 7.Nc3 d6 8.e5 Ne6
9.exf6 Nxf4 10.Qd2 Ng6 11.Bb5+ Bd7 12.fxe7 Bxe7 13.Bxd7+ Qxd7 14.Nge2 O-O
15.O-O-O Rfc8 16.Nd5 Bd8 17.Rhe1 Rc4 18.Kb1 Rac8 19.Nd4 h6 20.f4 R4c5 21.c4 Rxc4
22.f5 Bg5 23.Qe2 Nf4 24.Nxf4 Bxf4 25.b3 R4c5 26.f6 g6 27.Rf1 Be5 28.Qd2 Qg4
29.h3 Qe4+ 30.Qd3 Rc1+  0-1

[Event "39th Olympiad Men"]
[Site "Khanty-Mansiysk RUS"]
[Date "2010.09.21"]
[Round "1"]
[White "Ibarra Chami,L"]
[Black "Shrestha,K"]
[Result "1-0"]
[WhiteElo "2444"]
[BlackElo "2122"]

1.d4 Nf6 2.Bg5 Ne4 3.Bf4 d5 4.e3 c6 5.Bd3 Nd6 6.Nd2 Nd7 7.Ne2 Nf6 8.Ng3 g6
9.b3 Bg7 10.c4 dxc4 11.bxc4 O-O 12.e4 Nfe8 13.e5 Nf5 14.Bxf5 Bxf5 15.Nxf5 gxf5
16.Nf3 Nc7 17.Qd3 e6 18.g4 f6 19.gxf5 fxe5 20.Bxe5 Bxe5 21.Nxe5 Qg5 22.Rb1 Rxf5
23.Qg3 Qxg3 24.hxg3 b6 25.Nxc6 Kh8 26.Ke2 Ne8 27.Rh6 Rf6 28.Rbh1 Rxh6 29.Rxh6 Nc7
30.Rh4 a6 31.d5 exd5 32.cxd5 Ne8 33.Rh6 Kg7 34.Re6 Nf6 35.d6 Rc8 36.Rxf6 Rxc6
37.d7 Rxf6 38.d8=Q b5 39.f4  1-0

[Event "39th Olympiad Men"]
[Site "Khanty-Mansiysk RUS"]
[Date "2010.09.21"]
[Round "1"]
[White "Polaczek,R"]
[Black "Isaev,J"]
[Result "1-0"]
[WhiteElo "2385"]
[BlackElo "2382"]

1.d4 Nf6 2.Bg5 Ne4 3.Bf4 c5 4.f3 Nf6 5.dxc5 Qa5+ 6.Qd2 Qxc5 7.e4 Nc6 8.c4 g6
9.Nc3 Bg7 10.Rc1 Nh5 11.Be3 Qa5 12.Nge2 O-O 13.g4 Nf6 14.Ng3 d6 15.Be2 Be6
16.O-O Rfd8 17.Rfd1 Rac8 18.Nd5 Qxd2 19.Rxd2 b6 20.b3 Kf8 21.g5 Nd7 22.f4 Bxd5
23.exd5 Nb4 24.a3 Na6 25.b4 Nc7 26.Bg4 h5 27.Bh3 Rb8 28.Ne2 a5 29.Nd4 axb4
30.axb4 Bxd4 31.Bxd4 Na6 32.Rb2 Rb7 33.Ra1 Ndb8 34.Bf1 Nc7 35.Rba2 b5 36.Ra7 Rxa7
37.Rxa7 Nca6 38.cxb5 Nxb4 39.Bg2 Rc8 40.b6 Rc1+ 41.Bf1 Rd1 42.Ra8 Na6 43.b7 Rb1
44.Ba7 Kg7 45.Bxb8 Nc5 46.Bxd6  1-0

[Event "EYCC Boys U16"]
[Site "Batumi GEO"]
[Date "2010.09.22"]
[Round "3"]
[White "Toronjadze,R"]
[Black "Blazeka,M"]
[Result "0-1"]
[WhiteElo "1633"]
[BlackElo "2132"]

1.d4 Nf6 2.Bg5 Ne4 3.Bh4 c5 4.f3 Qa5+ 5.c3 g5 6.fxe4 gxh4 7.e3 Bh6 8.Na3 Qb6
9.Nc4 Qg6 10.Qd3 d6 11.Nf3 b5 12.Na3 c4 13.Qd2 a6 14.b3 cxb3 15.axb3 Qxe4
16.Bd3 Qxe3+ 17.Qxe3 Bxe3 18.Nxb5 Kd8 19.Be4 axb5 20.Rxa8 Nd7 21.Ke2 Bf4
22.Bc6 Nb6 23.Ra5 Kc7 24.Bxb5 Nd5 25.Bc4 Nxc3+ 26.Kd3 Kb6 27.Raa1 Nb5 28.Bxb5 Bf5+
29.Kc4 d5+ 30.Kb4 Bd6+ 31.Kc3 Kxb5 32.Kd2 Rc8 33.Ne5 Rc2+ 34.Ke3 f6 35.Rhf1 Be4
36.Nf3 e5 37.dxe5 fxe5 38.b4 Bxb4 39.Rab1 Rc3+ 40.Ke2 Bxb1 41.Rxb1 e4 42.Nxh4 Rc2+
43.Ke3 Kc4 44.Rd1 Bc5+ 45.Kf4 Bd6+ 46.Kg4 e3 47.Nf5 Bc5 48.Kf4 e2 49.Re1 Bf2
50.Kf3 Bxe1 51.Ne3+ Kd3 52.Nxc2 Kxc2 53.Kxe2 d4 54.Kxe1 d3  0-1

[Event "39th Olympiad Men"]
[Site "Khanty-Mansiysk RUS"]
[Date "2010.09.23"]
[Round "3"]
[White "Polaczek,R"]
[Black "Sepp,O"]
[Result "0-1"]
[WhiteElo "2385"]
[BlackElo "2485"]

1.d4 Nf6 2.Bg5 Ne4 3.Bf4 d6 4.Nd2 Nf6 5.e4 g6 6.Ngf3 Bg7 7.Bd3 O-O 8.O-O Nc6
9.h3 Nh5 10.Be3 e5 11.c3 h6 12.Re1 Qf6 13.Nf1 Nf4 14.Bxf4 Qxf4 15.Ne3 Qf6
16.Bc4 exd4 17.Nd5 Qd8 18.cxd4 Na5 19.Bf1 c6 20.Nc3 b5 21.e5 Be6 22.Ne4 dxe5
23.Nxe5 Bd5 24.Nc5 Qc7 25.Rc1 Rfe8 26.Qd2 Nb7 27.Na6 Qd6 28.Nb4 Rac8 29.g3 Be6
30.Bg2 Bxe5 31.Rxe5 Na5 32.Rec5 Red8 33.Nxc6 Nxc6 34.Rxc6 Rxc6 35.Rxc6 Qxd4
36.Qxd4 Rxd4 37.Ra6 Rd1+ 38.Kh2 Rd2 39.Kg1 Rxb2 40.a3 Ra2 41.Rxa7 Kg7 42.Ra5 Bc4
43.Bc6 Rb2 44.Kg2 Kf6 45.a4 b4 46.Bd5 Bd3 47.Kf3 g5 48.Rc5 b3 49.Rc3 Bc2
50.Ke3 Bd1 51.Bf3 Bc2 52.Bd5 Rb1 53.Kf3 Bd1+ 54.Ke4 Bc2+ 55.Kf3 Ke5 56.Bxf7 Bd1+
57.Ke3 b2 58.Bg6 Rc1 59.Kd2 b1=Q 60.Bxb1 Rxb1 61.Rc6 h5 62.Rc5+ Kf6 63.a5 Bf3
64.Rc3 g4 65.hxg4 hxg4 66.Ra3 Rb2+ 67.Kd3 Rxf2 68.a6 Ba8 69.Ra4 Rf3+ 70.Kd2 Rxg3
71.Rf4+ Ke5 72.Rf8 Bd5 73.Re8+ Kd4  0-1

[Event "39th Olympiad Men"]
[Site "Khanty-Mansiysk RUS"]
[Date "2010.09.25"]
[Round "5"]
[White "Rodriguez Vila,A"]
[Black "So,W"]
[Result "1/2-1/2"]
[WhiteElo "2537"]
[BlackElo "2668"]

1.d4 Nf6 2.Bg5 Ne4 3.Bf4 c5 4.d5 e6 5.f3 Nf6 6.e4 exd5 7.exd5 d6 8.Bb5+ Nbd7
9.Qe2+ Qe7 10.Nc3 a6 11.Bxd7+ Kxd7 12.O-O-O Qxe2 13.Ngxe2 b5 14.g4 Bb7 15.Ng3 h6
16.Nge4 Ne8 17.Rhe1 Rd8 18.g5 Be7 19.gxh6 gxh6 20.Re2 f5 21.Ng3 Ng7 22.Rg2 Rde8
23.Nb1 Bf6 24.c4 bxc4 25.Na3 Bd4 26.Nxc4 Bxd5 27.Nxd6 Ref8 28.Rgd2 Bxf3 29.Rf1 Bg4
30.Nc4 Ne6 31.Bd6 Rd8 32.Bxc5 Nxc5 33.Rxd4+ Ke6 34.Re1+ Kf6 35.Nd6 h5 36.Rf1 Ke5
37.Rxg4 fxg4 38.Nf7+ Kd4 39.Nxd8 Rxd8 40.Nxh5 Rh8 41.Rf5 Nd3+ 42.Kc2 Ke3
43.Nf6 Rxh2+ 44.Kc3 Rh4 45.Ra5 Nf4 46.Ra3 Ke2 47.Kc2 Ng2 48.Nxg4 Ne1+ 49.Kc3 Rxg4
50.Rxa6 Rg3+ 51.Kc4 Rg4+ 52.Kc3 Rg3+  1/2-1/2

[Event "39th Olympiad Men"]
[Site "Khanty-Mansiysk RUS"]
[Date "2010.09.25"]
[Round "5"]
[White "Ibarra Chami,L"]
[Black "Babula,V"]
[Result "0-1"]
[WhiteElo "2444"]
[BlackElo "2515"]

1.d4 Nf6 2.Bg5 Ne4 3.Bf4 d5 4.e3 c5 5.Bd3 Nf6 6.c3 Nc6 7.Nd2 Bg4 8.Ngf3 e6
9.h3 Bh5 10.O-O Be7 11.Qe2 O-O 12.g4 Bg6 13.Bxg6 hxg6 14.Rfd1 Bd6 15.Bxd6 Qxd6
16.e4 dxe4 17.Nxe4 Nxe4 18.Qxe4 Rad8 19.Rd2 cxd4 20.Nxd4 Qd5 21.Qxd5 Rxd5
22.Rad1 Rfd8 23.Nb3 Rxd2 24.Rxd2 Rxd2 25.Nxd2 g5 26.Nc4 Kf8 27.Kg2 Ke7 28.a4 e5
29.b4 Ke6 30.Ne3 g6 31.f3 Ne7 32.Nc4 Nd5 33.Na5 b5 34.axb5 Nxc3 35.Kg3 Nxb5
36.h4 gxh4+ 37.Kxh4 Nd4 38.Kg3 Kd5 39.Nb7 f5 40.gxf5 gxf5 41.Nc5 a5  0-1

[Event "EYCC Boys U14"]
[Site "Batumi GEO"]
[Date "2010.09.26"]
[Round "7"]
[White "Mirzoev,E"]
[Black "Rzayev,C"]
[Result "1-0"]
[WhiteElo "2109"]
[BlackElo "1956"]

1.d4 Nf6 2.Bg5 Ne4 3.Bf4 c5 4.f3 Qa5+ 5.c3 Nf6 6.d5 d6 7.e4 g6 8.Bd3 Bg7
9.Ne2 O-O 10.Nd2 b5 11.a4 b4 12.O-O bxc3 13.Nc4 Qc7 14.Nxc3 Nh5 15.Bg5 Re8
16.Nb5 Qd7 17.f4 Ba6 18.e5 dxe5 19.fxe5 f6 20.Bh4 fxe5 21.Be4 Bb7 22.Na5 a6
23.Nc3 Ra7 24.Qb3 Kh8 25.Rf7 Qg4 26.Qb6 Qxh4 27.Qxa7 Bc8 28.Qxb8 Nf6 29.Qxe5 Nh5
30.Rxg7  1-0

[Event "Highlands Open"]
[Site "Zdar nad Sazavou CZE"]
[Date "2010.09.27"]
[Round "3"]
[White "Tesar,J"]
[Black "Kratochvil,Jo"]
[Result "0-1"]
[WhiteElo "2143"]
[BlackElo "2234"]

1.d4 Nf6 2.Bg5 Ne4 3.Bf4 c5 4.d5 e6 5.g3 Qa5+ 6.c3 Nf6 7.dxe6 fxe6 8.Bg2 d5
9.Nd2 Nc6 10.Ngf3 Be7 11.O-O O-O 12.Qc2 Bd7 13.e4 Be8 14.Rfe1 Bg6 15.Nh4 Bxe4
16.Nxe4 Nxe4 17.Bxe4 dxe4 18.Ng2 e5 19.Bd2 Rad8 20.Rxe4 Rd7 21.b4 Qd8 22.Be1 cxb4
23.cxb4 Kh8 24.Bc3 Nd4 25.Bxd4 Rxd4 26.Rxd4 Qxd4 27.Rb1 Bxb4 28.Ne3 b6 29.Rd1 Qc3
30.Qe4 Bc5 31.Qd3 Qxd3 32.Rxd3 Bd4 33.g4 g6 34.Kg2 Kg7 35.Rd2 Rc8 36.Nd5 Rc5
37.Nf4 Kf6 38.Ne2 Rc4 39.Kf3 Bc5 40.Rd7 Ra4 41.Ng3 Rf4+ 42.Kg2 Rxf2+ 43.Kh3 Rxa2
44.Ne4+ Ke6 45.Rxh7 Bd4 46.Ng5+ Kd5 47.Rg7 Be3 48.Rxg6 Bf4 49.Kh4 Rxh2+ 50.Nh3 e4
51.g5 e3 52.Kg4 Be5 53.Rg8 e2  0-1

[Event "39th Olympiad Women"]
[Site "Khanty-Mansiysk RUS"]
[Date "2010.09.28"]
[Round "7"]
[White "Vahtra,T"]
[Black "Enkhtuul,A"]
[Result "0-1"]
[WhiteElo "1991"]
[BlackElo "2122"]

1.d4 Nf6 2.Bg5 Ne4 3.Bf4 d5 4.Nd2 Nxd2 5.Qxd2 e6 6.e3 c5 7.dxc5 Bxc5 8.Qc3 Be7
9.Bc7 Bb4 10.Qxb4 Qxc7 11.c4 dxc4 12.Bxc4 Qe7 13.Qb5+ Nc6 14.Nf3 O-O 15.O-O a6
16.Qb6 Qd8 17.Qc5 Qa5 18.Qd6 Rd8 19.Qg3 Qb4 20.b3 b5 21.Be2 Bb7 22.Rfd1 Qe7
23.Rac1 Rac8 24.h4 h6 25.Rxd8+ Rxd8 26.Rc2 e5 27.Nh2 Nb4 28.Rb2 Qc5 29.Bf1 Be4
30.f4 Qc1 31.Rf2 Nd3 32.Re2 Bg6 33.fxe5 Bh5 34.Nf3 Rd5 35.e6 fxe6 36.Qb8+ Kh7
37.Qb6 Bxf3 38.gxf3 Nc5 39.b4 Rd1 40.Rf2 Nd3 41.Qxe6 Nxf2 42.Qf5+ Kg8 43.Qe6+ Kh8
44.Kxf2 Rxf1+ 45.Kg3 Qe1+ 46.Kg4 Qxb4+ 47.f4 Qf8 48.Qxa6 Rg1+ 49.Kf3 b4 50.e4 Qc5
51.Qd3 Qc3  0-1

[Event "21st Open"]
[Site "Goch GER"]
[Date "2010.10.01"]
[Round "2.34"]
[White "Dehn,M"]
[Black "Vovchik,V"]
[Result "1-0"]
[WhiteElo "2113"]
[BlackElo "1717"]

1.d4 Nf6 2.Bg5 Ne4 3.Bf4 e6 4.f3 Nf6 5.c3 Nh5 6.Be3 Bd6 7.Bf2 c6 8.e4 Be7
9.g3 a5 10.f4 g6 11.Be2 Nf6 12.Nd2 a4 13.a3 d5 14.e5 Nfd7 15.Ngf3 b6 16.Rg1 Ba6
17.g4 Bxe2 18.Qxe2 c5 19.f5 Qc8 20.c4 Qb7 21.Rd1 cxd4 22.Nxd4 Nc5 23.cxd5 Qxd5
24.Nc4 Qb7 25.f6 Bf8 26.Nb5 Qc6 27.Nbd6+ Bxd6 28.Rxd6 Qe4 29.Nxb6 Qxe2+ 30.Kxe2 Ra5
31.Rc1 Nba6 32.Rc6 O-O 33.Bxc5  1-0

[Event "39th Olympiad Men"]
[Site "Khanty-Mansiysk RUS"]
[Date "2010.10.01"]
[Round "10"]
[White "Hernandez Guerrero,G"]
[Black "Golizadeh,A"]
[Result "1-0"]
[WhiteElo "2540"]
[BlackElo "2481"]

1.d4 Nf6 2.Bg5 Ne4 3.Bf4 c5 4.f3 Qa5+ 5.c3 Nf6 6.d5 Qb6 7.b3 e6 8.e4 exd5
9.exd5 d6 10.Qd2 Be7 11.Ne2 a5 12.c4 a4 13.bxa4 Rxa4 14.Nec3 Ra8 15.Nb5 O-O
16.N1c3 Nh5 17.Be3 Bd7 18.Be2 Bf6 19.Rb1 Re8 20.Kf2 Qa5 21.a3 Qd8 22.Rb3 Nc6
23.dxc6 bxc6 24.Rd1 cxb5 25.Nxb5 Be5 26.g3 Bc6 27.Nxd6 Qc7 28.f4 Qd7 29.Bxh5 Qh3
30.Bxf7+ Kh8 31.Kg1 Bxd6 32.Bxe8 Bf3 33.Bf7  1-0

[Event "H E Atkins Memorial Open"]
[Site "Leicester ENG"]
[Date "2010.10.02"]
[Round "2"]
[White "Mladenov,I"]
[Black "Coates,D"]
[Result "0-1"]
[WhiteElo "2210"]
[BlackElo "2068"]

1.d4 Nf6 2.Bg5 Ne4 3.Bf4 c5 4.f3 Qa5+ 5.c3 Nf6 6.Nd2 cxd4 7.Nb3 Qb6 8.Qxd4 Nc6
9.Qxb6 axb6 10.Nd4 Nxd4 11.cxd4 d5 12.e3 e6 13.Bd3 Bb4+ 14.Kf2 Bd7 15.a3 Be7
16.g4 O-O 17.Ne2 Rfc8 18.Rac1 Ne8 19.Nc3 Nd6 20.Rc2 Nc4 21.Rhc1 Nxb2 22.Be2 Bxa3
23.Ra1 b5 24.Ra2 b4 25.Bd6 b3 26.Bxa3 bxa2 27.Bxb2 a1=Q  0-1

[Event "Tatry Open"]
[Site "Tatranske Zruby CZE"]
[Date "2010.10.02"]
[Round "1"]
[White "Mocary,M"]
[Black "Hotak,M"]
[Result "1/2-1/2"]
[WhiteElo "1979"]
[BlackElo "2047"]

1.d4 Nf6 2.Bg5 Ne4 3.Bf4 c5 4.f3 Nf6 5.dxc5 Qa5+ 6.Nc3 Qxc5 7.e4 d6 8.Bb5+ Nc6
9.Nge2 a6 10.Ba4 b5 11.Bb3 g6 12.Qd2 Ne5 13.Be3 Qb4 14.a3 Qa5 15.Nd5 Qxd2+
16.Kxd2 Nxd5 17.Bxd5 Nc4+ 18.Kc3 Nxe3 19.Bxa8 Bg7+ 20.Kd3 Nc4 21.c3 Nxb2+
22.Kc2 Nc4 23.Bc6+ Bd7 24.Bxd7+ Kxd7 25.Kb3 Nb6 26.Rhd1 Rc8 27.Rac1 Kc6 28.f4 Kb7
29.g3 Rc4 30.Nd4 Na4 31.e5 dxe5 32.Ne2 exf4 33.Rd7+ Kb6 34.Rxe7 f3 35.Nf4 f2
36.Nd5+ Ka5 37.Rxf7 Bh6 38.Rd1 Nc5+ 39.Ka2 Ne4 40.Rf1 Rc5 41.Nb4 Rxc3 42.Ra7 Kb6
43.Rxh7 Rc1 44.Rxf2 Nxf2 45.Rxh6 a5 46.Rxg6+ Kb7 47.Rg7+ Kc8 48.Nd5 Nd1 49.h4 Rc2+
50.Kb1 Rd2 51.Nb6+ Kd8 52.Kc1 Rd6 53.Rd7+ Rxd7 54.Nxd7 Nc3 55.Nc5 Ne2+ 56.Kd2 Nxg3
57.Nb7+ Ke7 58.Nxa5 Nf5 59.h5 Kf6 60.Kc3 Kg5 61.Nb3 Ne3 62.Nd2 Kxh5 63.Kd3 Nd1
64.Kc2 Ne3+ 65.Kb3 Kg6 66.Ne4 Nc4  1/2-1/2

[Event "FSIMB October"]
[Site "Budapest HUN"]
[Date "2010.10.03"]
[Round "2"]
[White "Istvanovszki,M"]
[Black "Szamoskozi,G"]
[Result "1/2-1/2"]
[WhiteElo "2282"]
[BlackElo "2335"]

1.d4 Nf6 2.Bg5 Ne4 3.Bf4 c5 4.f3 Nf6 5.d5 d6 6.e4 g6 7.c4 Bg7 8.Nc3 O-O 9.Qd2 Na6
10.Bd3 Nc7 11.Nge2 e6 12.O-O exd5 13.exd5 Rb8 14.Rab1  1/2-1/2

[Event "9th Sparkassen Open"]
[Site "Forchheim GER"]
[Date "2010.10.03"]
[Round "4"]
[White "Meulner,K"]
[Black "Guthmann,P"]
[Result "1-0"]
[WhiteElo "2188"]
[BlackElo "2154"]

1.d4 Nf6 2.Bg5 Ne4 3.Bh4 c5 4.f3 g5 5.fxe4 gxh4 6.e3 Bh6 7.Bc4 e6 8.Qh5 Qa5+
9.c3 Bxe3 10.Nf3 Nc6 11.d5 Ne7 12.Na3 a6 13.Nc2 Bf4 14.O-O Qc7 15.Rae1 b5
16.d6 Bxd6 17.e5 bxc4 18.Ng5 Ng6 19.exd6 Qc6 20.Rxf7 Bb7 21.Re7+ Kd8 22.Nf7+ Kc8
23.Ne3 Nxe7 24.dxe7 Rg8 25.Re2 Kb8 26.Nd8 Qc8 27.Qxh4 Ka7 28.Qxc4 Re8 29.Qh4 Rxd8
30.exd8=Q Qxd8 31.Qxh7 Qc7 32.Qd3 Rg8 33.b4 Rh8 34.Ng4 Qf4 35.h3 cxb4 36.cxb4 Bd5
37.Rf2 Qxb4 38.Qe3+ Qb6 39.Qe5 Rf8 40.Qe2 Qd4 41.Qb2 Qxb2 42.Rxb2 Rb8 43.Rc2 Rb1+
44.Kf2 Ra1 45.Nf6 Rxa2 46.Rxa2 Bxa2 47.Nxd7 Kb7 48.Ke3 Kc6 49.Nb8+ Kb5 50.Nxa6 Kxa6
51.g4 Kb5 52.Kd4 Kc6 53.Ke5 Kd7 54.Kf6 Kd6 55.h4 e5 56.h5 e4 57.h6 e3 58.h7 e2
59.h8=Q e1=Q 60.Qh2+ Kd7 61.Qxa2 Qe7+ 62.Kf5 Qh7+ 63.Kf4 Qh6+ 64.g5 Qh4+
65.Kf5 Qh3+ 66.Kg6 Qd3+ 67.Kg7 Qd4+ 68.Kg8 Kc6 69.Qe6+ Kb5 70.g6 Qd8+ 71.Kf7 Qc7+
72.Kf6 Qd8+ 73.Qe7 Qh8+ 74.Kf5 Ka4 75.g7 Qh5+ 76.Ke6 Qg6+ 77.Kd7 Qg4+ 78.Kd8 Qg3
79.Qe8+  1-0

[Event "39th Olympiad Men"]
[Site "Khanty-Mansiysk RUS"]
[Date "2010.10.03"]
[Round "11"]
[White "Leon Hoyos,M"]
[Black "Ziska,H"]
[Result "1/2-1/2"]
[WhiteElo "2579"]
[BlackElo "2439"]

1.d4 Nf6 2.Bg5 Ne4 3.Bf4 c5 4.f3 Qa5+ 5.c3 Nf6 6.Nd2 cxd4 7.Nb3 Qb6 8.Qxd4 Nc6
9.Qxb6 axb6 10.Nd4 e5 11.Nxc6 dxc6 12.Bxe5 Be6 13.a3 Nd7 14.Bc7 Bb3 15.e4 Rc8
16.Bf4 Nc5 17.Nh3 Be7 18.Nf2 O-O 19.g3 Ne6 20.Bd2 Rcd8 21.Be2 Rd7 22.Be3 Bc5
23.Bxc5 Nxc5 24.Bd1 Rfd8 25.Bxb3 Nxb3 26.Rd1 Rxd1+ 27.Nxd1 Rd2 28.h4 Rc2
29.O-O Re2 30.Rf2 Re1+ 31.Rf1 Re2 32.Rf2  1/2-1/2

[Event "FSIMB October"]
[Site "Budapest HUN"]
[Date "2010.10.04"]
[Round "3"]
[White "Tran Tuan Minh"]
[Black "Getz,N"]
[Result "0-1"]
[WhiteElo "2227"]
[BlackElo "2276"]

1.d4 Nf6 2.Bg5 Ne4 3.Bf4 c5 4.f3 Nf6 5.d5 Nh5 6.Be3 e6 7.Nc3 d6 8.Qd2 Nd7
9.Bg5 Nhf6 10.dxe6 fxe6 11.e4 Be7 12.a4 O-O 13.Bc4 Ne5 14.Ba2 Bd7 15.Nge2 a6
16.Rd1 Nf7 17.Be3 b5 18.Nf4 c4 19.O-O Qc8 20.Bb1 b4 21.Nce2 a5 22.g4 Bxa4
23.h4 e5 24.Ng2 d5 25.Ng3 dxe4 26.g5 exf3 27.gxf6 Bxf6 28.Rxf3 Rd8 29.Qe2 Rxd1+
30.Qxd1 Qg4 31.Bf2 Bc6 32.Rd3 Qh3 33.Rd5 Bxd5 34.Qxd5 Rd8 35.Qf3 Qd7 36.Ne3 Bxh4
37.c3 Bxg3 38.Bxg3 bxc3 39.bxc3 Qd2 40.Be4 Ng5 41.Bxh7+ Kh8  0-1

[Event "Tatry Open"]
[Site "Tatranske Zruby CZE"]
[Date "2010.10.04"]
[Round "3"]
[White "Mocary,M"]
[Black "Stalmach,K"]
[Result "1-0"]
[WhiteElo "1979"]
[BlackElo "2124"]

1.d4 Nf6 2.Bg5 Ne4 3.Bf4 d5 4.f3 Nf6 5.e4 dxe4 6.Nc3 e3 7.Bb5+ c6 8.Bc4 Nd5
9.Nge2 Nxf4 10.Nxf4 e6 11.Qd3 Be7 12.O-O-O b5 13.Bb3 O-O 14.h4 Na6 15.Ne4 Nb4
16.Qxe3 a5 17.c3 Nd5 18.Nxd5 exd5 19.Ng5 h6 20.Rde1 Bf6 21.Bc2 g6 22.Nxf7 Kxf7
23.Qxh6 Bf5 24.Qh7+ Bg7 25.Bxf5 gxf5 26.Re5 Qd7 27.Rhe1 Kf6 28.h5  1-0